01647 2200205 4500001002100000005001500021035002000036008004100056245007400097100001500171250000600186260003800192300001200230084001400242082000800256650001000264520114300274990001201417990001201429INLIS00000000000131420240520021323 a0010-0524000549240520 1 ind 1 aDongeng Betawi Gaul; Putri Maleha Di Negeri Seribu Kicau /cMimi Aira aAira, Mimi a1 aYogyakarta :bSheila/ Andi,c2013 a168 hlm a813 MIM d a813 4aFiksi aBray, elu semua ada yang pernah denger Negeri 1000 Kicau belom? Hah? Pernah? Di mane? Set dah, di pesbuk? Eh, tapi bener juga sih, ya, pesbuk kan tempat orang-orang pada ngoceh. Jadi, gak ada salahnya juga kalo pesbuk itu dinamain Negeri 1000 Kicau, ye, Bray? Tapi, Bray, ini negeri nggak ada hubungannya ame pesbuk! Negeri 1000 Kicau ini dihuni oleh masyarakat Betawi, Bray. Lu mau tau nggak siapa nama rajanya? Ini raja, namanya Raja Nyang Baek, Bray. Nah, kalo ratunya bernama Ratu Nyang Botoh. Terus neh, Bray, Raja Nyang Baek dan Ratu Nyang Botoh punya enam orang putri. Ada Putri Banggoy (Kembang Goyang), Putri Kara (Akar Kelapa), Putri Kupe (Kue Pepe), Putri Maleha (Makan lele hangat), Putri Kelor (Kerak Telor), dan terakhir Putri Betok (Bir Pletok). Biar kate namanya pada unik-unik gitu, Bray, tapi mereka-mereka itu cuaaantiknya minta ampun! Orang-orang di Negeri 1000 Kicau ini juga pada lucu-lucu banget, Bray. Kocak! Kocaknya Sule aja mah, lewat! Udeh, pokoknya gini deh, Bray. Lu bawa nih buku ke meja kasir. Keluarin duit. Bawa bukunya pulang, trus baca di rumah. Dijamin dah, lu semua bakal ngakak berjilid-jilid, Bray. a0741470 a0741471